MARC

LEADER 00000nam0a2200000 4500
001 373759
005 20231102012608.0
035 |a (RuTPU)RU\TPU\retro\31189 
035 |a RU\TPU\book\309925 
090 |a 373759 
100 |a 20221216d1982 m y0rusy50 ca 
101 0 |a rus 
102 |a RU 
105 |a y z 000ay 
200 1 |a Опаленные версты  |e роман  |f А. П. Налдеев  |g под ред. К. Евграфова 
210 |a Москва  |c Современник  |d 1982 
215 |a 255 с. 
225 1 |a Новинки "Современника" 
606 1 |a Русская литература современная  |2 stltpush  |3 (RuTPU)RU\TPU\subj\26373  |9 50316 
610 1 |a художественная литература 
610 1 |a романы 
610 1 |a Великая Отечественная война 1941-1945 
610 1 |a подвиги 
610 1 |a военная проза 
675 |a Р2  |v 3 
700 1 |a Налдеев  |b А. П.  |g Алексей Петрович  |4 070 
702 1 |a Евграфов  |b К.  |4 340 
801 1 |a RU  |b 63413507  |c 20150226 
801 2 |a RU  |b 63413507  |c 20221216  |g RCR 
942 |c BK